[Event "Forio Festival Ischia 7th"]
[Site "Forio"]
[Date "2015.07.25"]
[Round "1.1"]
[White "Tortora, Antonio"]
[Black "Volpinari, Danilo"]
[Result "1/2-1/2"]
[WhiteElo "1798"]
[BlackElo "2001"]
[PlyCount "60"]
[EventDate "2015.07.25"]
[EventType "tourn"]
[EventRounds "7"]
[EventCountry "ITA"]
[SourceTitle "EXT 2024"]
[Source "ChessBase"]
[SourceDate "2023.10.10"]
[SourceVersion "1"]
[SourceVersionDate "2023.10.10"]
[SourceQuality "1"]

1. c4 c5 2. Nc3 Nc6 3. Nf3 e5 4. g3 g6 5. Bg2 Bg7 6. 0-0 Nge7 7. d3 0-0 8. a3 d6 9. Rb1 a5 10. Bd2 h6 11. Ne1 Be6 12. Nd5 Ra7 13. Nc2 f5 14. Bc3 a4 15. e3 Na5 16. f4 Nec6 17. Na1 Bd7 18. Qxa4 Kh7 19. Qd1 Ne7 20. Qd2 Nac6 21. Nc2 Nxd5 22. Bxd5 Ne7 23. Bg2 Qc7 24. Rf2 b5 25. Rbf1 bxc4 26. dxc4 e4 27. Rb1 Be6 28. Bxg7 Kxg7 29. Bf1 Rb8 30. Qc3+ Kf7 1/2-1/2